000 00678nam a2200229Ia 4500
005 20250508164212.0
008 008 250505s9999 xx 000 0 eng d
020 _a0-7619-6804-0
037 _aReference
040 _aFEDL
_beng
_cFEDL
041 _aeng
_2eng
084 _a001.42, BAL/RR
_qFEDL
100 _aBalnaves Mark
_9777663
245 0 _aIntroduction to quantitative research methods: An investigative approach
260 _aLondon, UK
_bSage Publications
_c2001
300 _ax, 257p.
365 _aGBP
_b23.99
650 _aResearch methods
700 _a Caputi Peter
_9777664
942 _cREF
_h001.42, BAL/RR
999 _c1387528
_d1387528